00680nam a22002177a 450000500170000001000130001702000220003003500130005203700160006504000120008108200190009310000220011224500810013426000390021527000470025430000200030150000510032165000320037265000400040470000180044420170124105943.0 aA-372089 c00.00a8170361400 aA-372089 bCen Lib/Ret aDPLbEN a305.40954bPAR aParikh, Indira J. aIndian women :cby Indira J. Parikh [and] Pulin K. Gargban inner dialogue / aNew DelhibSage Publicationsc1989 bNew DelhiaM-32 Greater Kailash-Ie110048 a224p.c22cm(Hb) aIncludes bibliographical references and index  aWomen -- India -- Attitudes aWomen -- India -- Social conditions aGarg, Pulin K